| Tag |
First Indicator |
Second Indicator |
Subfields |
| LEADER |
00000cas a2200000 a 4500 |
| 001 |
in00001598677 |
| 005 |
20151022170144.0 |
| 008 |
950522d1993199unyuar 0 0eng |
| 010 |
|
|
|a 95646846
|
| 035 |
|
|
|a (OCoLC)ocm32518602
|
| 040 |
|
|
|a DLC
|c DLC
|d TXA
|d UtOrBLW
|
| 042 |
|
|
|a lc
|
| 043 |
|
|
|a c------
|
| 049 |
|
|
|a TXAM
|
| 050 |
0 |
0 |
|a NC997.A1
|b .S52
|
| 130 |
0 |
|
|a SIS (New York, N.Y.)
|
| 245 |
1 |
0 |
|a SIS.
|
| 264 |
|
1 |
|a [New York, N.Y.] :
|b The Stock Illustration Source, Inc.
|
| 300 |
|
|
|a volumes :
|b illustrations ;
|c 33 cm.
|
| 310 |
|
|
|a Annual
|
| 336 |
|
|
|a text
|b txt
|2 rdacontent
|
| 337 |
|
|
|a unmediated
|b n
|2 rdamedia
|
| 338 |
|
|
|a volume
|b nc
|2 rdacarrier
|
| 362 |
1 |
|
|a Began in 1993.
|
| 500 |
|
|
|a Some issues accompanied by CD-ROM, <volume 5->.
|
| 500 |
|
|
|a Description based on: volume 4.
|
| 650 |
|
0 |
|a Graphic arts
|v Catalogs
|v Periodicals.
|
| 650 |
|
0 |
|a Transparencies
|v Catalogs
|v Periodicals.
|
| 710 |
2 |
|
|a Stock Illustration Source, Inc.
|
| 785 |
0 |
0 |
|a Stock Illustration Source, Inc.
|t Stock Illustration Source : [catalog]
|x 1529-3432
|w (DLC) 00212646
|w (OCoLC)43700789
|
| 850 |
|
|
|a DLC
|
| 994 |
|
|
|a E0
|b TXA
|
| 948 |
|
|
|a cataloged
|b h
|c 2001/2/21
|d c
|e bstringf
|f 10:23:18 am
|
| 999 |
|
|
|a MARS
|
| 999 |
f |
f |
|s 7acb866c-3c45-3278-ac2d-1ca1aed8e942
|i 4b63518b-ae8d-334b-9846-5016f52fb323
|t 0
|
| 952 |
f |
f |
|p storage
|a Texas A&M University
|b J.J. Pickle Campus
|c High Density Repository
|d Remote Storage
|t 0
|e NC997.A1 .S52
|h Library of Congress classification
|i unmediated -- volume
|k v.4
|m A14827103656
|
| 998 |
f |
f |
|a NC997.A1 .S52
|s v.4
|t 0
|l Remote Storage
|